00411nam a22001097a 4500008004100000082001800041100002500059245008900084260007000173300002400243650003400267200323b ||||| |||| 00| 0 eng d a330.967 8 LAP aLappe, Frances Moore aMozambique and Tanzania:bAsking the Big Questions/cFrances Moore Lappe.-hEnglish. aSan Francisco:bInstitute for Food and Development Policy,c1975. a126p;bIll;c22cm.- 2ECONOMIC SITUATION - TANZANIA